000 00619nam a2200217Ia 4500
003 GCL
008 140319s9999 xx 000 0 ara d
040 _aGCL /
_cGCL
082 0 4 _a812.009
_bن ع
100 1 _aنبيل فرج
245 1 0 _aالعبث والواقع : مسرح محمد سلماوى /
_cنبيل فرج
260 _a[S.N] :
_bدار الفاء العربى ،
_c1992
300 _a346 ص
490 _a
650 0 4 _aالادب العربى
650 0 4 _aالمسرح
650 0 4 _aمحمد سلماوى
650 0 4 _aتاريخ ونقد
650 0 4 _aالمجموعات
942 _2ddc
_cBK
999 _c31694
_d31694